01206nam a2200217Ia 4500003000400000005001700004008004100021040000900062082001500071100002000086245005800106260005200164300000900216942003600225952014200261952014200403952014200545952014200687952014200829999001700971OSt20200606105354.0190216s9999||||xx |||||||||||||| ||und|| coclc a327bGOP/I aGopi, V K92504 0aInternational Relations Since World War 2 /cV K Gopi bCalicut University Central Co-Operative,c2004. a320p cBK2ddch327iGOP/Ik327mGOP/I 00102ddc40708POLITICAL SCIENCEaMESbMEScPOLd2019-02-20g80.00l0o327 GOP/Ip33751r2019-02-20 00:00:00t4w2019-02-20yBKzGL10R3 00102ddc40708POLITICAL SCIENCEaMESbMEScPOLd2019-02-20g80.00l0o327 GOP/Ip33752r2019-02-20 00:00:00t2w2019-02-20yBKzGL10R3 00102ddc40708POLITICAL SCIENCEaMESbMEScPOLd2019-02-20g80.00l0o327 GOP/Ip33753r2019-02-20 00:00:00t3w2019-02-20yBKzGL10R3 00102ddc40708POLITICAL SCIENCEaMESbMEScPOLd2019-02-20g80.00l0o327 GOP/Ip39733r2019-02-20 00:00:00t5w2019-02-20yBKzGL10R3 00102ddc40708POLITICAL SCIENCEaMESbMEScPOLd2019-02-20g80.00l0o327 GOP/Ip39734r2019-02-20 00:00:00t1w2019-02-20yBKzGL10R3 c21872d21872